[Event "British Columbia-op"]
[Site "Richmond CAN"]
[Date "2016.02.06"]
[Round "1.7"]
[White "Sadoughian-Zadeh, Farshad"]
[Black "Moore, Harry"]
[Result "1/2-1/2"]
[WhiteElo "1900"]
[BlackElo "2213"]
[PlyCount "98"]
[EventDate "2016.02.06"]
[EventType "swiss"]
[EventRounds "6"]
[EventCountry "CAN"]

1. d4 Nf6 2. c4 g6 3. g3 Bg7 4. Bg2 d5 5. Nf3 O-O 6. cxd5 Nxd5 7. O-O Nb6 8.
Nc3 Nc6 9. e3 Re8 10. h3 a5 11. Ne1 e5 12. d5 Nb4 13. e4 c6 14. a3 Na6 15. Be3
Nc4 16. Qe2 Nxe3 17. Qxe3 Bf8 18. Nd3 cxd5 19. Nxd5 Be6 20. Nb6 Bc5 21. Nxc5
Qxb6 22. Nxe6 Qxe3 23. fxe3 Rxe6 24. Rad1 Rc8 25. Rd7 Rc7 26. Rfxf7 Rxd7 27.
Rxd7 Rb6 28. Rd5 Rxb2 29. Rxa5 Rb3 30. Kf2 Rc3 31. Rxe5 Nc5 32. Rd5 b6 33. Rd6
b5 34. Rd5 Kf7 35. Kf3 Rc1 36. h4 h5 37. Bh3 Rc3 38. Bf1 Ne6 39. Rxb5 Nd4+ 40.
Kf4 Nxb5 41. Bxb5 Rxa3 42. Bc4+ Ke7 43. Be2 Ra2 44. Bf3 Rf2 45. g4 hxg4 46.
Kxg4 Rh2 47. Kg5 Rh3 48. Kg4 Rh2 49. Kg5 Rh3 1/2-1/2

[Event "British Columbia-op"]
[Site "Richmond CAN"]
[Date "2016.02.06"]
[Round "1.8"]
[White "Kenney, Jason"]
[Black "Wang, Linchuan [Lee]"]
[Result "1-0"]
[WhiteElo "2190"]
[BlackElo "1895"]
[PlyCount "93"]
[EventDate "2016.02.06"]
[EventType "swiss"]
[EventRounds "6"]
[EventCountry "CAN"]

1. d4 Nf6 2. c4 g6 3. Nc3 d5 4. cxd5 Nxd5 5. Bd2 Bg7 6. e4 Nb6 7. Be3 O-O 8.
Qd2 Nc6 9. O-O-O Na5 10. Bh6 Nac4 11. Qf4 Qd6 12. Kc2 e5 13. dxe5 Qb4 14. Rb1
Bxe5 15. Bxf8 Na3+ 16. Kd1 Qd4+ 17. Qd2 Qxd2+ 18. Kxd2 Nxb1+ 19. Nxb1 Kxf8 20.
Nc3 Be6 21. Nf3 Bf4+ 22. Kc2 c6 23. g3 Bh6 24. Nd4 Ke7 25. Nxe6 Kxe6 26. h4 Rd8
27. f4 Bg7 28. g4 Rd4 29. b3 a5 30. h5 a4 31. Bd3 Rb4 32. g5 axb3+ 33. axb3 f5
34. exf5+ gxf5 35. Re1+ Kf7 36. Bxf5 Rxf4 37. Bxh7 Bxc3 38. Kxc3 Nd5+ 39. Kd2
Rg4 40. Re5 Rg2+ 41. Ke1 Kg7 42. Be4 Rh2 43. h6+ Kf8 44. Bxd5 cxd5 45. Rxd5 Kf7
46. Rd7+ Kg6 47. Rg7+ 1-0

[Event "British Columbia-op"]
[Site "Richmond CAN"]
[Date "2016.02.06"]
[Round "1.9"]
[White "Zhou, Aiden"]
[Black "Doknjas, Joshua"]
[Result "0-1"]
[WhiteElo "1852"]
[BlackElo "2178"]
[PlyCount "138"]
[EventDate "2016.02.06"]
[EventType "swiss"]
[EventRounds "6"]
[EventCountry "CAN"]

1. d4 d5 2. Bf4 Nf6 3. e3 c5 4. c3 Nc6 5. Nf3 Qb6 6. Qb3 c4 7. Qxb6 axb6 8.
Nbd2 b5 9. Ne5 Nh5 10. Nxc6 bxc6 11. Be5 f6 12. Bc7 Ra6 13. Be2 Kd7 14. Bb8 Ra8
15. Bxh5 Rxb8 16. O-O Kc7 17. b4 e6 18. a4 bxa4 19. Rxa4 Bd6 20. f4 Bd7 21.
Ra7+ Rb7 22. Rfa1 Rf8 23. h4 Rfb8 24. Rxb7+ Kxb7 25. Bg4 Be7 26. Nf3 Re8 27.
Bh3 Bd6 28. Kf2 Re7 29. g3 Be8 30. g4 Bg6 31. h5 Be4 32. Nd2 Bd3 33. Bf1 Bxf1
34. Rxf1 Re8 35. Ra1 e5 36. Kf3 h6 37. dxe5 fxe5 38. f5 e4+ 39. Ke2 Ra8 40.
Rxa8 Kxa8 41. Nb1 Kb7 42. Na3 Be5 43. Kd2 Kc7 44. Nc2 Kd6 45. Nd4 Bxd4 46. exd4
Ke7 47. Ke3 Kf7 48. Kf2 Kf6 49. Kg2 Kg5 50. Kg3 e3 51. Kf3 e2 52. Kxe2 Kxg4 53.
f6 gxf6 54. Ke3 f5 55. Kf2 Kxh5 56. b5 cxb5 57. Kf3 Kg5 58. Kg3 f4+ 59. Kf3 Kf5
60. Kf2 Kg4 61. Kg2 h5 62. Kf2 f3 63. Kf1 Kg3 64. Kg1 f2+ 65. Kf1 h4 66. Ke2
Kg2 67. Ke3 h3 68. Kd2 f1=Q 69. Ke3 Qf2# 0-1

[Event "British Columbia-op"]
[Site "Richmond CAN"]
[Date "2016.02.06"]
[Round "1.10"]
[White "Patterson, Roger"]
[Black "James, Rowan"]
[Result "1-0"]
[WhiteElo "2160"]
[BlackElo "1793"]
[PlyCount "51"]
[EventDate "2016.02.06"]
[EventType "swiss"]
[EventRounds "6"]
[EventCountry "CAN"]

1. c4 e5 2. Nc3 Nf6 3. g3 Be7 4. Nf3 Nc6 5. Bg2 d6 6. d4 exd4 7. Nxd4 Ne5 8. b3
O-O 9. O-O Rb8 10. Qd2 Re8 11. Bb2 Bf8 12. e4 Bd7 13. Rae1 Qc8 14. f4 Nc6 15.
Nd5 Nxd5 16. cxd5 Ne7 17. Rc1 f5 18. e5 dxe5 19. fxe5 c5 20. e6 Bc6 21. Nxc6
bxc6 22. d6 Rd8 23. d7 Qa6 24. Be5 Rb7 25. Rc4 Qb6 26. Bc3 1-0

[Event "British Columbia-op"]
[Site "Richmond CAN"]
[Date "2016.02.06"]
[Round "2.1"]
[White "Cao, Jason"]
[Black "Doknjas, Joshua"]
[Result "1-0"]
[WhiteElo "2386"]
[BlackElo "2178"]
[PlyCount "47"]
[EventDate "2016.02.06"]
[EventType "swiss"]
[EventRounds "6"]
[EventCountry "CAN"]

1. Nf3 c5 2. c4 Nc6 3. d4 cxd4 4. Nxd4 Qb6 5. Nb3 e6 6. Nc3 Nf6 7. e4 Bb4 8.
Be3 Qc7 9. f3 Bxc3+ 10. bxc3 d6 11. Be2 O-O 12. Qd2 b6 13. Rd1 Rd8 14. Bg5 Ne5
15. Bxf6 gxf6 16. f4 Nc6 17. O-O Kf8 18. Bh5 Na5 19. f5 e5 20. Qh6+ Ke7 21.
Bxf7 Nxb3 22. Bd5 Ke8 23. Bxa8 Nc5 24. Qxf6 1-0

[Event "British Columbia-op"]
[Site "Richmond CAN"]
[Date "2016.02.06"]
[Round "2.2"]
[White "Richardson, Kai"]
[Black "Sohal, Tanraj"]
[Result "0-1"]
[WhiteElo "2102"]
[BlackElo "2382"]
[PlyCount "76"]
[EventDate "2016.02.06"]
[EventType "swiss"]
[EventRounds "6"]
[EventCountry "CAN"]

1. d4 Nf6 2. c4 e6 3. Nf3 d5 4. Nc3 c6 5. e3 Nbd7 6. Bd3 dxc4 7. Bxc4 b5 8. Bd3
b4 9. Ne4 Be7 10. O-O O-O 11. a3 bxa3 12. bxa3 c5 13. Rb1 cxd4 14. Nxd4 Ne5 15.
Nxf6+ Bxf6 16. Be4 Ba6 17. Bxa8 Bxf1 18. Qxf1 Qxa8 19. Bd2 h6 20. h3 Qe4 21.
Ne2 Nc4 22. Ng3 Qg6 23. Bb4 Rd8 24. Qe1 Nxe3 25. fxe3 Bh4 26. Kh2 Bxg3+ 27.
Qxg3 Qxb1 28. Qc7 Rd1 29. Qxa7 Rh1+ 30. Kg3 Qg6+ 31. Kf2 Qf5+ 32. Kg3 h5 33.
Qb8+ Kh7 34. Qf4 Qg6+ 35. Kf2 Rc1 36. g4 hxg4 37. hxg4 Qc2+ 38. Kg3 Rg1+ 0-1

[Event "British Columbia-op"]
[Site "Richmond CAN"]
[Date "2016.02.06"]
[Round "2.3"]
[White "Morozov, Grigory"]
[Black "Patterson, Roger"]
[Result "1-0"]
[WhiteElo "2375"]
[BlackElo "2160"]
[PlyCount "97"]
[EventDate "2016.02.06"]
[EventType "swiss"]
[EventRounds "6"]
[EventCountry "CAN"]

1. d4 d5 2. c4 dxc4 3. Nf3 Nf6 4. e3 e6 5. Bxc4 c5 6. O-O Nc6 7. Nc3 Be7 8. d5
exd5 9. Nxd5 Nxd5 10. Bxd5 Nb4 11. Bc4 Qxd1 12. Rxd1 O-O 13. Bd2 Bf6 14. Bc3
Bxc3 15. bxc3 Nc6 16. Bb5 Na5 17. Ng5 b6 18. Bd3 h6 19. Bh7+ Kh8 20. Be4 Bb7
21. Bxb7 Nxb7 22. Rd7 Nd8 23. Ne4 Kg8 24. Kf1 Nc6 25. Ke2 Ne5 26. Rb7 Rfb8 27.
Rxb8+ Rxb8 28. Rd1 Rb7 29. Rd8+ Kh7 30. Nd6 Re7 31. f4 Nc6 32. Rc8 Na5 33. Rf8
Kg6 34. e4 Kf6 35. Ne8+ Kg6 36. f5+ Kh7 37. Nd6 g6 38. Rxf7+ Rxf7 39. Nxf7 gxf5
40. exf5 b5 41. Nd6 b4 42. Kd3 Kg7 43. g4 Kf8 44. h3 a6 45. Ne4 c4+ 46. Kc2 b3+
47. axb3 Nxb3 48. Nd2 Na5 49. Kb2 1-0

[Event "British Columbia-op"]
[Site "Richmond CAN"]
[Date "2016.02.06"]
[Round "2.4"]
[White "Gansvind, Valeriya"]
[Black "Fernandez, Lautaro"]
[Result "1/2-1/2"]
[WhiteElo "2289"]
[BlackElo "2099"]
[PlyCount "120"]
[EventDate "2016.02.06"]
[EventType "swiss"]
[EventRounds "6"]
[EventCountry "CAN"]

1. d4 Nf6 2. Bg5 e6 3. Nd2 h6 4. Bh4 d6 5. e3 Be7 6. h3 Nbd7 7. Bd3 c5 8. c3 b6
9. Ngf3 Bb7 10. Qe2 d5 11. Ba6 Qc8 12. Bxb7 Qxb7 13. Ne5 Nxe5 14. dxe5 Ne4 15.
Nxe4 dxe4 16. Qb5+ Qd7 17. Qxd7+ Kxd7 18. O-O-O+ Ke8 19. Bg3 Rd8 20. c4 Rd7 21.
Kc2 Kd8 22. a4 Kc7 23. Rxd7+ Kxd7 24. a5 Kc6 25. Ra1 b5 26. cxb5+ Kxb5 27. b3
a6 28. Ra4 Rd8 29. Rxe4 Rd7 30. f4 Bd8 31. Be1 Bxa5 32. Bxa5 Kxa5 33. g4 g6 34.
h4 Kb5 35. Ra4 a5 36. Ra1 Rc7 37. h5 gxh5 38. gxh5 c4 39. Rd1 cxb3+ 40. Kxb3
a4+ 41. Kb2 Rb7 42. Ka2 Kc4 43. Rd4+ Kc3 44. Ka3 Ra7 45. Rd8 f6 46. Rd6 fxe5
47. fxe5 Kc4 48. Rxe6 Kd5 49. Rxh6 Kxe5 50. Rh8 Re7 51. Rf8 Ke4 52. h6 Rh7 53.
Re8+ Kd5 54. Kxa4 Rxh6 55. Kb4 Rc6 56. Kb3 Rc1 57. Kb2 Rc7 58. Kb3 Rc1 59. Rd8+
Ke4 60. Re8+ Kd5 1/2-1/2

[Event "British Columbia-op"]
[Site "Richmond CAN"]
[Date "2016.02.06"]
[Round "2.6"]
[White "Salcedo, Daniel"]
[Black "Oussedik, Elias"]
[Result "0-1"]
[WhiteElo "1995"]
[BlackElo "2363"]
[PlyCount "84"]
[EventDate "2016.02.06"]
[EventType "swiss"]
[EventRounds "6"]
[EventCountry "CAN"]

1. d4 e6 2. c4 Nf6 3. Nc3 c5 4. d5 exd5 5. cxd5 d6 6. e4 g6 7. Bb5+ Nbd7 8. a4
Bg7 9. Nf3 O-O 10. O-O Nh5 11. g4 Nhf6 12. h3 h5 13. Bg5 Qc7 14. e5 dxe5 15. d6
Qa5 16. gxh5 Nxh5 17. Nd5 a6 18. Bxd7 Bxd7 19. Nd2 f6 20. Nc4 Qd8 21. Ne7+ Kh7
22. Qd3 Qe8 23. Nb6 fxg5 24. Nxd7 Rf4 25. Nxc5 Rd4 26. Qf3 Rxd6 27. Qxb7 Rad8
28. Rac1 Kh6 29. Ne4 R6d7 30. Nf5+ gxf5 31. Rc6+ Kh7 32. Nxg5+ Kh8 33. Qxa6 Nf4
34. Kh2 Qh5 35. Rg1 Nxh3 36. Nxh3 Rd3 37. Rg3 e4 38. Rc8 Be5 39. Rxd8+ Rxd8 40.
Qa5 Bxg3+ 41. Kxg3 Rd3+ 42. Kf4 Rf3+ 0-1

[Event "British Columbia-op"]
[Site "Richmond CAN"]
[Date "2016.02.06"]
[Round "2.7"]
[White "Kagaoan, Jose"]
[Black "Doknjas, John"]
[Result "1/2-1/2"]
[WhiteElo "2024"]
[BlackElo "2288"]
[PlyCount "131"]
[EventDate "2016.02.06"]
[EventType "swiss"]
[EventRounds "6"]
[EventCountry "CAN"]

1. g4 d5 2. h3 e5 3. Bg2 Nc6 4. c4 Be6 5. Qa4 Nf6 6. Nf3 Nd7 7. cxd5 Nb6 8. Qd1
Nxd5 9. d3 Bb4+ 10. Nfd2 h5 11. gxh5 Qd7 12. a3 Nf4 13. Bf3 Bxd2+ 14. Bxd2 Nd4
15. Bxf4 Nxf3+ 16. exf3 exf4 17. Nd2 Rxh5 18. Qe2 O-O-O 19. O-O-O Qxd3 20. Qxd3
Rxd3 21. Ne4 Rxf3 22. Rhg1 g6 23. Ng5 Rxf2 24. Nxe6 fxe6 25. Rxg6 b6 26. Rd3 f3
27. Rg3 Rf5 28. Rg1 Rc5+ 29. Kd1 Rcc2 30. Rxf3 Rxb2 31. Rxf2 Rxf2 32. Rg3 Rh2
33. Ke1 Kd7 34. Kf1 Kd6 35. Kg1 Rd2 36. h4 Rd5 37. Kh2 Rf5 38. Kh3 Ke5 39. Rg7
Rf3+ 40. Kg2 Rxa3 41. Rxc7 Kf4 42. Rg7 Ra5 43. Kh3 Ra3+ 44. Kg2 Ra5 45. Kh3 e5
46. Rf7+ Ke3 47. Kg4 e4 48. h5 Ra1 49. h6 Rh1 50. Kg5 Kd2 51. Rxa7 e3 52. Ra2+
Kd3 53. Ra3+ Ke4 54. Rb3 e2 55. Rxb6 e1=Q 56. Re6+ Kd5 57. Rxe1 Rxe1 58. Kf6
Rf1+ 59. Kg7 Ke6 60. h7 Rg1+ 61. Kh8 Ra1 62. Kg7 Ra7+ 63. Kh6 Ra8 64. Kg7 Ra7+
65. Kh6 Rxh7+ 66. Kxh7 1/2-1/2

[Event "British Columbia-op"]
[Site "Richmond CAN"]
[Date "2016.02.06"]
[Round "2.8"]
[White "Moore, Harry"]
[Black "Chung, Alec"]
[Result "1-0"]
[WhiteElo "2213"]
[BlackElo "1673"]
[PlyCount "71"]
[EventDate "2016.02.06"]
[EventType "swiss"]
[EventRounds "6"]
[EventCountry "CAN"]

1. e4 c5 2. Nf3 a6 3. Nc3 d6 4. d4 cxd4 5. Nxd4 Nf6 6. Be2 e5 7. Nb3 Be6 8. O-O
Be7 9. Be3 Nbd7 10. f4 b5 11. a4 b4 12. Na2 Nxe4 13. Nxb4 Bxb3 14. cxb3 Ndc5
15. Nd5 a5 16. Bb5+ Kf8 17. b4 axb4 18. Nxb4 exf4 19. Nc6 Qb6 20. Bd4 Bf6 21.
b4 Bxd4+ 22. Qxd4 Nd7 23. Rxf4 Qxd4+ 24. Nxd4 Nef6 25. Nf5 d5 26. Raf1 g6 27.
Ne3 Kg7 28. Bxd7 Nxd7 29. Rxf7+ Kh6 30. Rxd7 Rxa4 31. Nxd5 Ra2 32. b5 Rc8 33.
Rc7 Re8 34. Nf6 Ree2 35. Rxh7+ Kg5 36. h4# 1-0

[Event "British Columbia-op"]
[Site "Richmond CAN"]
[Date "2016.02.06"]
[Round "2.9"]
[White "McLaren, Brian"]
[Black "Sadoughian-Zadeh, Farshad"]
[Result "0-1"]
[WhiteElo "2086"]
[BlackElo "1900"]
[PlyCount "44"]
[EventDate "2016.02.06"]
[EventType "swiss"]
[EventRounds "6"]
[EventCountry "CAN"]

1. e4 e6 2. d4 d5 3. Nc3 Nf6 4. e5 Nfd7 5. f4 c5 6. Nf3 Nc6 7. Ne2 b5 8. Be3 b4
9. h4 Ba6 10. h5 Rc8 11. Qd2 Qb6 12. Ng3 Bxf1 13. Kxf1 Nxd4 14. Nxd4 cxd4 15.
Bxd4 Bc5 16. c3 bxc3 17. bxc3 Bxd4 18. cxd4 O-O 19. Kg1 Rc4 20. Ne2 Rfc8 21.
Rh3 Rc2 22. Qe3 Rxe2 0-1

[Event "British Columbia-op"]
[Site "Richmond CAN"]
[Date "2016.02.06"]
[Round "2.10"]
[White "Wang, Linchuan [Lee]"]
[Black "Roback, Joe"]
[Result "1/2-1/2"]
[WhiteElo "1895"]
[BlackElo "2049"]
[PlyCount "115"]
[EventDate "2016.02.06"]
[EventType "swiss"]
[EventRounds "6"]
[EventCountry "CAN"]

1. d4 Nf6 2. c4 c5 3. d5 e6 4. Nc3 exd5 5. cxd5 d6 6. e4 g6 7. Bg5 h6 8. Bh4
Bg7 9. Nf3 a6 10. a4 Bg4 11. h3 Bxf3 12. Qxf3 Nbd7 13. Bg3 Qe7 14. Bd3 O-O 15.
O-O Rfc8 16. Qe2 Nh5 17. Bh2 Rc7 18. f4 Rac8 19. Bc4 Nb6 20. a5 Nxc4 21. Qxc4
Re8 22. Rae1 Qh4 23. Qd3 Bd4+ 24. Kh1 Bf2 25. Re2 Bg3 26. Qf3 Rce7 27. Re3 Bxh2
28. Kxh2 Ng7 29. g3 Qf6 30. Rfe1 Qd4 31. e5 Nf5 32. Re4 Qd2+ 33. R4e2 Nd4 34.
Qe3 Qxe3 35. Rxe3 Nc2 36. Ne4 Rd8 37. exd6 Rxe4 38. Rxe4 Nxe1 39. Rxe1 Rxd6 40.
Rd1 Kf8 41. Kg2 Ke7 42. Kf3 Rd7 43. Re1+ Kd6 44. Re5 c4 45. Ke4 Rc7 46. f5 g5
47. f6 c3 48. bxc3 Rc4+ 49. Kd3 Rxc3+ 50. Kxc3 Kxe5 51. Kc4 Kxf6 52. Kd4 Ke7
53. g4 Kd7 54. Ke5 Ke7 55. Ke4 Kf6 56. Kd4 Ke7 57. Ke5 Kd7 58. Kd4 1/2-1/2

[Event "British Columbia-op"]
[Site "Richmond CAN"]
[Date "2016.02.06"]
[Round "2.11"]
[White "Horiachkin, Yaroslav"]
[Black "Zhou, Aiden"]
[Result "1-0"]
[WhiteElo "2037"]
[BlackElo "1852"]
[PlyCount "111"]
[EventDate "2016.02.06"]
[EventType "swiss"]
[EventRounds "6"]
[EventCountry "CAN"]

1. d4 Nf6 2. c4 Nc6 3. Nf3 e6 4. Bg5 d5 5. Nc3 Bb4 6. e3 h6 7. Bxf6 Qxf6 8. Qb3
Bxc3+ 9. Qxc3 O-O 10. Be2 Bd7 11. O-O Qe7 12. a3 a6 13. b4 dxc4 14. Bxc4 b5 15.
Bd3 Rac8 16. Be4 Qd6 17. Rac1 Nd8 18. Ne5 f6 19. Ng6 Re8 20. Bb1 Bc6 21. Qc2 f5
22. Qc5 Qxc5 23. Rxc5 Bd5 24. Rfc1 c6 25. Ne5 Re7 26. Bxf5 Nb7 27. Rxd5 Rcc7
28. Bxe6+ Rxe6 29. Rd7 Rxd7 30. Nxd7 Rd6 31. Nc5 Nxc5 32. Rxc5 Kf7 33. Kf1 Ke6
34. Ke2 Kd7 35. Kd3 Rd5 36. Rxd5+ cxd5 37. e4 Ke6 38. f4 g6 39. g4 dxe4+ 40.
Kxe4 h5 41. f5+ Kf6 42. fxg6 hxg4 43. Kf4 g3 44. hxg3 Kxg6 45. Ke5 Kf7 46. d5
Ke7 47. d6+ Kd7 48. Kd5 a5 49. bxa5 b4 50. axb4 Kd8 51. Kc6 Kc8 52. a6 Kb8 53.
d7 Ka8 54. d8=Q+ Ka7 55. Qb6+ Ka8 56. Qb7# 1-0

[Event "British Columbia-op"]
[Site "Richmond CAN"]
[Date "2016.02.07"]
[Round "3.1"]
[White "Kenney, Jason"]
[Black "Cao, Jason"]
[Result "1-0"]
[WhiteElo "2190"]
[BlackElo "2386"]
[PlyCount "43"]
[EventDate "2016.02.06"]
[EventType "swiss"]
[EventRounds "6"]
[EventCountry "CAN"]

1. d4 Nf6 2. Nf3 e6 3. e3 b6 4. Bd3 Bb7 5. O-O c5 6. c4 Be7 7. Nc3 cxd4 8. exd4
d5 9. cxd5 Nxd5 10. Ne5 O-O 11. Qg4 Nf6 12. Qh4 Nc6 13. Bg5 g6 14. Ba6 h6 15.
Bxb7 hxg5 16. Qh3 Nxd4 17. Bxa8 Qxa8 18. Rad1 Bc5 19. b4 Bd6 20. Nxg6 fxg6 21.
Rxd4 g4 22. Qd3 1-0

[Event "British Columbia-op"]
[Site "Richmond CAN"]
[Date "2016.02.07"]
[Round "3.2"]
[White "Sohal, Tanraj"]
[Black "Morozov, Grigory"]
[Result "1-0"]
[WhiteElo "2382"]
[BlackElo "2375"]
[PlyCount "77"]
[EventDate "2016.02.06"]
[EventType "swiss"]
[EventRounds "6"]
[EventCountry "CAN"]

1. d4 d5 2. c4 e6 3. Nc3 c6 4. Qb3 Nf6 5. Nf3 a6 6. Bg5 Be7 7. e3 O-O 8. a4 h6
9. Bh4 a5 10. Be2 Na6 11. O-O Nb4 12. Ne5 Nd7 13. Bg3 b6 14. cxd5 exd5 15. Na2
Nxe5 16. Nxb4 axb4 17. Bxe5 Be6 18. Qc2 c5 19. dxc5 bxc5 20. e4 c4 21. Rfd1 Qa5
22. exd5 Bxd5 23. Bf4 Rfc8 24. Bg4 Rd8 25. Rxd5 Qxd5 26. Bf3 Qe6 27. Bxa8 Rxa8
28. Rc1 Bf6 29. h3 c3 30. bxc3 b3 31. Qb1 Qc4 32. Be3 Qxa4 33. Bd4 Bg5 34. Re1
Qc4 35. Qe4 Ra6 36. Qb7 Bf6 37. Re8+ Kh7 38. Qe4+ g6 39. Bxf6 1-0

[Event "British Columbia-op"]
[Site "Richmond CAN"]
[Date "2016.02.07"]
[Round "3.3"]
[White "Oussedik, Elias"]
[Black "Moore, Harry"]
[Result "1/2-1/2"]
[WhiteElo "2363"]
[BlackElo "2213"]
[PlyCount "46"]
[EventDate "2016.02.06"]
[EventType "swiss"]
[EventRounds "6"]
[EventCountry "CAN"]

1. d4 f5 2. c4 Nf6 3. Nc3 e6 4. Qc2 Be7 5. e3 O-O 6. Bd3 b6 7. Nge2 Bb7 8. f3
c5 9. O-O cxd4 10. Nxd4 Nc6 11. Nxc6 Bxc6 12. Bd2 Rc8 13. Rfd1 Qe8 14. a3 Bd6
15. Be1 Qh5 16. h3 Bc5 17. Bf2 Bxf3 18. gxf3 Qxf3 19. b4 Bxe3 20. Bxe3 Qxe3+
21. Kh2 Ne4 22. Rg1 Qf4+ 23. Kh1 Qf3+ 1/2-1/2

[Event "British Columbia-op"]
[Site "Richmond CAN"]
[Date "2016.02.07"]
[Round "3.4"]
[White "Sadoughian-Zadeh, Farshad"]
[Black "Gansvind, Valeriya"]
[Result "1/2-1/2"]
[WhiteElo "1900"]
[BlackElo "2289"]
[PlyCount "78"]
[EventDate "2016.02.06"]
[EventType "swiss"]
[EventRounds "6"]
[EventCountry "CAN"]

1. d4 Nf6 2. c4 e5 3. dxe5 Ng4 4. Nf3 Nc6 5. Bg5 Be7 6. Bxe7 Qxe7 7. Nc3 Ncxe5
8. Nd5 Qd8 9. Nxe5 Nxe5 10. Qd4 f6 11. e4 c6 12. Nc3 Qe7 13. Be2 Ng6 14. O-O
Nf4 15. Bf3 Ne6 16. Qd2 O-O 17. Rfe1 Qc5 18. Be2 a5 19. Rad1 a4 20. b3 axb3 21.
axb3 Qb4 22. Ra1 Rxa1 23. Rxa1 Nc5 24. Ra8 Na6 25. c5 Nxc5 26. Bc4+ Kh8 27. Qd6
Na6 28. Qxb4 Nxb4 29. Na4 b5 30. Nb6 bxc4 31. bxc4 Kg8 32. Rxc8 Rxc8 33. Nxc8
Kf7 34. Kf1 Ke6 35. Ke2 d5 36. cxd5+ cxd5 37. exd5+ Nxd5 38. Na7 Ke5 39. Nc6+
Kd6 1/2-1/2

[Event "British Columbia-op"]
[Site "Richmond CAN"]
[Date "2016.02.07"]
[Round "3.5"]
[White "Fernandez, Lautaro"]
[Black "Richardson, Kai"]
[Result "1-0"]
[WhiteElo "2099"]
[BlackElo "2102"]
[PlyCount "75"]
[EventDate "2016.02.06"]
[EventType "swiss"]
[EventRounds "6"]
[EventCountry "CAN"]

1. e4 e5 2. Nc3 Nc6 3. Bc4 Nf6 4. d3 h6 5. f4 Bc5 6. Nf3 d6 7. Na4 Nd7 8. Nxc5
Nxc5 9. f5 Nd7 10. a3 Nb6 11. Ba2 Nd4 12. Nxd4 exd4 13. O-O Qf6 14. Bf4 Bd7 15.
e5 dxe5 16. Bxe5 Qg5 17. Bxc7 O-O 18. f6 Bc6 19. Rf2 Nd5 20. Bxd5 Bxd5 21. fxg7
Rfe8 22. Bf4 Qg6 23. Qd2 Re6 24. Raf1 b6 25. Bg3 Rae8 26. Qf4 Re2 27. Qxd4 Qc6
28. c4 Bxg2 29. Rxe2 Rxe2 30. Re1 Rxe1+ 31. Bxe1 Bh3 32. Kf2 Qg2+ 33. Ke3 Qxh2
34. Qd8+ Kxg7 35. Bc3+ Kg6 36. Qf6+ Kh5 37. Qxf7+ Kh4 38. Bf6+ 1-0

[Event "British Columbia-op"]
[Site "Richmond CAN"]
[Date "2016.02.07"]
[Round "3.6"]
[White "Doknjas, John"]
[Black "Escandor, Manuel Omana"]
[Result "1-0"]
[WhiteElo "2288"]
[BlackElo "1658"]
[PlyCount "67"]
[EventDate "2016.02.06"]
[EventType "swiss"]
[EventRounds "6"]
[EventCountry "CAN"]

1. d4 d5 2. c4 Nf6 3. cxd5 Nxd5 4. Nf3 Bg4 5. Ne5 Bc8 6. e4 Nf6 7. Nc3 Nbd7 8.
Nf3 e6 9. Bg5 Be7 10. Bc4 O-O 11. O-O h6 12. Bf4 c6 13. Bb3 Bb4 14. Bc2 Qa5 15.
a3 Be7 16. b4 Qd8 17. Qd3 Nh7 18. d5 e5 19. Nxe5 Nxe5 20. Bxe5 cxd5 21. exd5 f5
22. Bb3 Bd6 23. Bxd6 Qxd6 24. Nb5 Qf6 25. d6+ Be6 26. Bxe6+ Qxe6 27. Nc7 Qd7
28. Nxa8 Rxa8 29. Rfe1 Rd8 30. Rad1 Nf6 31. Qb3+ Kh8 32. Re7 Qc8 33. Qf7 Ne8
34. d7 1-0

[Event "British Columbia-op"]
[Site "Richmond CAN"]
[Date "2016.02.07"]
[Round "3.7"]
[White "Doknjas, Joshua"]
[Black "Kagaoan, Jose"]
[Result "1-0"]
[WhiteElo "2178"]
[BlackElo "2024"]
[PlyCount "109"]
[EventDate "2016.02.06"]
[EventType "swiss"]
[EventRounds "6"]
[EventCountry "CAN"]

1. e4 b6 2. d4 e6 3. Bd3 Bb7 4. Nf3 d6 5. c4 g6 6. Nc3 Bg7 7. Bg5 f6 8. Be3 Nd7
9. h4 h5 10. Qc2 Ne7 11. O-O-O a6 12. Rhg1 c6 13. e5 Nf8 14. Ne4 Nf5 15. Nxd6+
Nxd6 16. exd6 f5 17. c5 b5 18. Bg5 Bf6 19. Rge1 Kf7 20. Qb3 Kg7 21. g3 Bc8 22.
Qc2 Bd7 23. Qe2 Nh7 24. Bf4 Re8 25. Ne5 Nf8 26. Qd2 Ra7 27. Bh6+ Kh7 28. Nf7
Qc8 29. Bxf8 Kg8 30. Be7 Kxf7 31. Bxf6 Kxf6 32. Re5 Qd8 33. f3 Kf7 34. Rh1 Rh8
35. Qf2 Qf6 36. Bc2 a5 37. Qe1 Kg7 38. Kb1 Bc8 39. Bb3 Re8 40. g4 a4 41. Bc2
Rh8 42. gxf5 gxf5 43. f4 Kh6 44. Rg1 Rg7 45. Rg5 Rg6 46. Bd1 Kg7 47. Bxh5 Rxg5
48. fxg5 Qd8 49. Bf3 Bd7 50. Re2 Qg8 51. Qg3 Kf7 52. h5 Qg7 53. Qh4 a3 54. h6
axb2 55. Bh5+ 1-0

[Event "British Columbia-op"]
[Site "Richmond CAN"]
[Date "2016.02.07"]
[Round "3.9"]
[White "Pulfer, Luke"]
[Black "Horiachkin, Yaroslav"]
[Result "0-1"]
[WhiteElo "2036"]
[BlackElo "2037"]
[PlyCount "94"]
[EventDate "2016.02.06"]
[EventType "swiss"]
[EventRounds "6"]
[EventCountry "CAN"]

1. d4 d5 2. c4 e6 3. Nc3 Nf6 4. cxd5 exd5 5. Bg5 Be7 6. e3 c6 7. Qc2 O-O 8. Bd3
h6 9. Bh4 Bg4 10. f3 Be6 11. Nge2 Nbd7 12. O-O c5 13. Rad1 Rc8 14. Qb1 cxd4 15.
Nxd4 Qb6 16. Bf2 Bb4 17. Nce2 Bc5 18. a3 Ne5 19. b4 Nxd3 20. Qxd3 Bxd4 21. Nxd4
Rfe8 22. Rc1 Rc4 23. Nxe6 Qxe6 24. Rc3 b5 25. Rfc1 Rec8 26. Be1 Qe5 27. Bd2
R8c6 28. R3c2 Qc7 29. Rc3 a6 30. Be1 Nd7 31. Qc2 Nb6 32. Bd2 Rxc3 33. Bxc3 Na4
34. Qd2 Rxc3 35. Ra1 Qe5 36. Kf2 Qxh2 37. Ra2 Qh4+ 38. Kg1 Qc4 39. Kf2 Rc1 40.
Kg3 Rh1 41. f4 Rc1 42. Kf3 Nb6 43. Rb2 Nd7 44. Qd4 Nf6 45. Rf2 Qxd4 46. exd4
Rc3+ 47. Ke2 Rc2+ 0-1

[Event "British Columbia-op"]
[Site "Richmond CAN"]
[Date "2016.02.07"]
[Round "3.10"]
[White "Wang, Linchuan [Lee]"]
[Black "McLaren, Brian"]
[Result "0-1"]
[WhiteElo "1895"]
[BlackElo "2086"]
[PlyCount "108"]
[EventDate "2016.02.06"]
[EventType "swiss"]
[EventRounds "6"]
[EventCountry "CAN"]

1. d4 f5 2. c4 Nf6 3. Nf3 e6 4. g3 d5 5. Nc3 c6 6. Bg5 Bd6 7. Bg2 O-O 8. O-O
Nbd7 9. Nd2 h6 10. Bxf6 Qxf6 11. e3 Rb8 12. cxd5 exd5 13. a3 Qe7 14. b4 a6 15.
Re1 Nb6 16. Qb3 Be6 17. Bf1 Nd7 18. f4 Kh8 19. Nf3 g5 20. Qc2 Rg8 21. Kf2 Nf6
22. Ne5 Rbf8 23. Kg2 Qg7 24. Bd3 Ne4 25. Ne2 Bf7 26. Bxe4 fxe4 27. Nxf7+ Qxf7
28. Rf1 Qh5 29. fxg5 hxg5 30. Ng1 Kg7 31. Rxf8 Rxf8 32. Rf1 Rxf1 33. Kxf1 Qf7+
34. Ke1 Kg6 35. Qb1 Qf8 36. Qb2 Qf6 37. a4 Qe7 38. b5 cxb5 39. axb5 Bb4+ 40.
Kf2 a5 41. Kg2 Qd7 42. Qc2 Qxb5 43. Nf3 Bd6 44. Ne1 Qc6 45. Qa2 a4 46. g4 b5
47. Qf2 Be7 48. Qf5+ Kg7 49. h4 a3 50. hxg5 a2 51. g6 Qxg6 52. Qd7 Qd6 53. Qxd6
Bxd6 54. Nc2 Bb4 0-1